Μηχανική

Saved in:
Bibliographic Details
Main Author: Landau, L. D. (Lev Davidovich), 1908-1968
Other Authors: Lifshits, E. M. (Evgenii Mikhailovich)
Format: Book
Language:Greek
Published: Αθήναι : Βιβλιοπωλείον Αναγέννησις, Κ. Θεοχαρίδης & Σια, 1971.
Series:Θεωρητική φυσική ; 1
Subjects:
Tags: Add Tag
No Tags, Be the first to tag this record!

MARC

LEADER 00000nam a2200000 a 4500
001 1/126367
008 230323t1971####gr | ||| |||| ||gre||
040 |a GR-MyUa  |b gre  |c GR-MyUa  |e AACR2 
041 0 |a gre 
082 7 |a 531  |2 (23) 
100 1 |a Landau, L. D.   |q (Lev Davidovich),   |d 1908-1968. 
245 1 0 |a Μηχανική /   |c L. Landau, E. Lifchitz ; μετάφρασις Π. Παπαγιαννακόπουλου.  
260 |a Αθήναι :   |b Βιβλιοπωλείον Αναγέννησις, Κ. Θεοχαρίδης & Σια,   |c 1971.  
300 |a 220 σ. :   |b διάγρ, ;   |c 25 εκ.  
490 1 |a (Θεωρητική φυσική ;   |v 1)  
500 |3 Στη σελίδα τίτλου υπάρχει ιδιόχειρη αφιέρωση "Τιμής Ένεκεν εις τον καθηγητήν κύριο Παντελίδην. Ο εκδότης υπογραφή" 
504 |a Περιλαμβάνει ευρετήριο.  
650 0 |a Mechanics. 
700 1 |a Lifshits, E. M.   |q (Evgenii Mikhailovich) 
830 0 |a Θεωρητική φυσική ;  |v 1 
852 |a INST  |b SAMOS  |e 20230323  |h 531 LAN  |p 005300048058  |q 005300048058  |t BK  |y 0 
970 |a Κοσιέρης  |b Χρήστος  |z 23-03-2023